Ajuntament de la Ciutat d'Hospitalet : memòria corresponent a l'exercici de 1932 ... / [per en Joan Coca Alujas, ...] memòria corresponent a l'exercici de 1932 ... / [per en Joan Coca Alujas, ...]
Descripción Física:
174 p. : il., [4] f. pleg. ; 27 cm
MARC
| LEADER | 00000nam a2200000Ia 4500 | ||
|---|---|---|---|
| 001 | 1590 | ||
| 008 | 160829s9999 xx 000 0 cat d | ||
| 080 | |a M-3-145 | ||
| 100 | |a Coca Alujas, Joan |9 24341 | ||
| 245 | |a Ajuntament de la Ciutat d'Hospitalet : |b memòria corresponent a l'exercici de 1932 ... / [per en Joan Coca Alujas, ...] | ||
| 260 | |a Barcelona : |b 'La Casa dels Secretaris', [s.a.] | ||
| 300 | |a 174 p. : |b il., [4] f. pleg. ; |c 27 cm | ||
| 650 | |a Hospitalet de Llobregat. Ajuntament |x Memòries |9 24342 | ||
| 901 | |a Arxiu | ||
| 942 | |n 1 | ||
| 952 | |0 0 |1 0 |4 0 |6 M3145 |7 1 |9 43098 |a Arxiu |b Arxiu |d 2016-12-01 |l 0 |o M-3-145 |p 1590 |r 2016-12-01 00:00:00 |w 2016-12-01 |y ARXIU | ||
| 999 | |c 45642 |d 45642 | ||